Wszystkie Piosenki Nocnego Kochanka - Statystyki

Ogólne statystyki
  • Ten quiz został rozwiązany 255 razy
    220 od ostatniego zresetowania
  • Średni wynik to 19 z 36
Statystyki odpowiedzi
Album Odpowiedź % Poprawnych
Zdrajcy Metalu Zdrajca metalu
93%
Zdrajcy Metalu Dziewczyna z kebabem
81%
Randka w Ciemność Koń na Białym Rycerzu
78%
Randka w Ciemność Randka w Ciemno
77%
Hewi Metal Minerał Fiutta
68%
Zdrajcy Metalu Poniedziałek
67%
Hewi Metal Andżeju
64%
Randka w Ciemność Andrzela
61%
Zdrajcy Metalu Dżentelmeni Metalu
61%
Hewi Metal Karate
61%
Hewi Metal Piątunio
61%
Zdrajcy Metalu Smoki i gołe baby
59%
Dodatek Tribjut
59%
Hewi Metal Diabeł z Piekła
56%
Hewi Metal Wielki Wojownik
56%
Hewi Metal Zaplątany
56%
Randka w Ciemność Czarna Czerń
54%
Randka w Ciemność Pijany Mistrz
54%
Randka w Ciemność Dr O.Ngal
53%
Randka w Ciemność Al Dente
52%
Zdrajcy Metalu Dziabnięty
52%
Zdrajcy Metalu Pierwszego nie przepijam
50%
Zdrajcy Metalu Pigułka Samogwałtu
50%
Randka w Ciemność Tirowiec
49%
Randka w Ciemność Mistrz Przerósł Ucznia
48%
Zdrajcy Metalu Łatwa nie była
47%
Randka w Ciemność Wódżitsu
47%
Zdrajcy Metalu Piosenka o niczym
44%
Zdrajcy Metalu De pajrat bej
43%
Hewi Metal Ostatni Numer
41%
Zdrajca Metalu Gdzie jesteś?
39%
Hewi Metal Wakacyjny
39%
Randka w Ciemność Siłacze
36%
Hewi Metal Dej Mu
35%
Cover Wielka miłość do babci klozetowej
27%
Dodatek Kacper, Andżej i Baltazar
23%
Nie znaleziono quizów pasujących do podanych kryteriów
Rozkład punktacji
Procent ludzi z każdym wynikiem
Percentyl według liczby udzielonych odpowiedzi
Twoja historia wyników
Nie rozwiązałeś tego quizu od ostatniego zresetowania